| 000 | 00553nam a2200205Ia 4500 | ||
|---|---|---|---|
| 003 | OSt | ||
| 005 | 20240913121221.0 | ||
| 008 | 220927b |||||||| |||| 00| 0 eng d | ||
| 024 | _a36354 | ||
| 037 | _cTextual | ||
| 040 |
_aSDCL _cSDCL _beng |
||
| 041 |
_2eng _aeng |
||
| 082 | _aV2:3(P152)'N7 L3 | ||
| 100 |
_aTiwari, MohanLal _9398399 |
||
| 245 | 0 |
_aMadyambhasa : _b Siddhant aur samiksa / |
|
| 260 | _c1973. | ||
| 300 |
_a160p. _ccm. |
||
| 942 |
_hV2:3(P152)'N7 L3 _cRAR _2CC |
||
| 999 |
_c714256 _d714256 |
||